A declaration of the x. holie commandements of Almightie God, : written Exod. 20. Deut. 5. /

Bibliographic Details
Main Author: Hooper, John, d. 1555
Format: eBook
Language:English
Published: [London] : Imprinted at London for Thomas Woodcocke, and are to be solde at his shop, at the signe of the Beare in Paules Church-yard, 1588.
Series:Early English books online.
Subjects:
Online Access:Connect to the full text of this electronic book

MARC

Tag First Indicator Second Indicator Subfields
LEADER 00000nam a2200000 4500
001 in00004197921
005 20200806084324.0
006 m g d
007 cr bn |||a|bb|
008 951012s1588 enk o 00 eng d
035 |a (UnM)99892538 
037 |a CL2105000002  |b ProQuest Information and Learning. 300 N. Zeeb Rd., Ann Arbor, MI 48106 
040 |a Uk-ES  |c Uk-ES  |d CStRLIN  |d Cu-RivES  |e dcrb 
100 1 |a Hooper, John,  |d d. 1555. 
245 1 2 |a A declaration of the x. holie commandements of Almightie God, :  |b written Exod. 20. Deut. 5. /  |c Collected out of the Scripture canonicall, by Iohn Hooper, with certaine new additions, made by the same Maister Hooper. 
246 2 |a Declaration of the ten holy commaundementes of allmygthye God 
260 |a [London] :  |b Imprinted at London for Thomas Woodcocke, and are to be solde at his shop, at the signe of the Beare in Paules Church-yard,  |c 1588. 
300 |a 1 online resource ([2]+ pages) 
336 |a text  |b txt  |2 rdacontent 
337 |a computer  |b c  |2 rdamedia 
338 |a online resource  |b cr  |2 rdacarrier 
500 |a Fragment: title page only. 
500 |a Reproduction of original in the British Library. 
510 4 |a STC (2nd edition)  |c 13751.5 
510 4 |a Early English books tract supplement interim guide  |c Harl.5987[35] 
533 |a Electronic reproduction.  |b Ann Arbor, Mich. :  |c UMI,  |d 1999-  |f (Early English books online)  |n Digital version of: (Early English books, Tract supplement ; E3:4[35])  |7 s1999 miun s 
650 0 |a Ten Commandments  |v Early works to 1800. 
655 0 |a Title pages  |z England  |y 16th century. 
830 0 |a Early English books online. 
856 4 0 |u http://proxy.library.tamu.edu/login?url=https://search.proquest.com/docview/2240927369  |z Connect to the full text of this electronic book  |t 0 
999 f f |s e2bdd9cc-d74b-31d0-921f-9808e2e1dfb7  |i d6198958-112b-3edb-9005-83ec92e345bc  |t 0 
952 f f |a Texas A&M University  |b College Station  |c Electronic Resources  |d Available Online  |t 0  |h No information provided 
998 f f |t 0  |l Available Online